LEADER 01167nam0 22003133i 450 001 CAG0015496 005 20170908093237.0 100 $a19941102d1993 ||||0itac50 ba 101 | $aita 102 $ait 181 1$6z01$ai $bxxxe 182 1$6z01$an 200 1 $aBibliografia degli scritti di Nicola Abbagnano 1922-1992$fa cura di Bruno Maiorca 210 $aRoma [etc.] $cLaterza$d1993 215 $aXII, 295 p.$d22 cm 300 $aEdizione f. c. 606 $aABBAGNANO, NICOLA$xBibliografia$2FIR$3NAPC039118$9I 676 $a016.195$9$v21 676 $a195$9FILOSOFIA OCCIDENTALE MODERNA - ITALIA$v21 702 1$aMaiorca$b, Bruno$3CFIV000577 702 1$aAbbagnano$b, Nicola$3CFIV024103 801 3$aIT$bIT-NA0079$c19941102 850 $aIT-NA0070 912 $aCAG0015496 950 0$aBiblioteca Universitaria$b1 v.$c1 v.$d BUCONS. Filos.01 094$e BU 0002853895 N 1 v.$fZ $h19941011$i19941011 951 $aBiblioteca Nazionale Vittorio Emanuele III$b BN2005000010690AC1995-03-24 977 $a BU 996 $aBibliografia degli scritti di Nicola Abbagnano 1922-1992$91482918 997 $aUNISANNIO LEADER 00946cam0-2200325---450- 001 990005869210403321 005 20130619110901.0 010 $a88-7828-105-0 035 $a000586921 035 $aFED01000586921 035 $a(Aleph)000586921FED01 035 $a000586921 100 $a20000421d1993----km-y0itay50------ba 101 0 $aita 102 $aIT 105 $a--------001ya 200 1 $aAutobiografia$fMonaldo Leopardi$gedizione critica a cura di Anna Leopardi di San Leopardo 210 $a[Ancona]$cTranseuropa$d1993 215 $aXX, 164 p.$d22 cm 676 $a858.7 700 1$aLeopardi,$bMonaldo$f<1776-1847> 702 1$aLeopardi Di San Leopardo,$bAnna 801 0$aIT$bUNINA$gRICA$2UNIMARC 901 $aBK 912 $a990005869210403321 952 $a858.7 LEOP 1(2)$bBibl.29482$fFLFBC 952 $a858.7 LEOP 1(2 BIS)$bDip.f.m.8065$fFLFBC 959 $aFLFBC 996 $aAutobiografia$9210079 997 $aUNINA